Králíček Petr bere do zaječích. Malý králík, velké město!

Příběh králíčka Petra s fotografiemi z filmu.

Uloženo v:
Série:Králíček Petr, část 2
Médium: Kniha
Jazyk:Czech
Vydáno: V Praze : Egmont, 2020
Vydání:První vydání
Témata:
Celkem bylo vypůjčeno:0x
Příbuzné jednotky:Z cyklu:: Králíček Petr
Tagy:
Žádné tagy
LEADER 01582nam a2200445 i 4500
001 106097
003 CZ PrNK
005 20260409134031.0
007 ta
008 200824s2020 xr a a 000 j cze
015 |a cnb003243473 
020 |a 9788025248287  |q (vázáno) :  |c Kč 169,00 
040 |a ABG001  |b cze  |d BOA001  |d ABA001  |e rda 
041 1 |a cze  |h eng 
072 7 |a 821-93  |x Literatura pro děti a mládež (beletrie)  |2 Konspekt  |9 26 
080 |a 821-32  |2 MRF 
080 |a 821-93  |2 MRF 
080 |a (0:82-32)  |2 MRF 
130 0 |a Little rabbit big city!.  |l Česky 
245 1 0 |a Králíček Petr bere do zaječích.  |p Malý králík, velké město! 
246 3 0 |a Malý králík, velké město! 
250 |a První vydání 
264 1 |a V Praze :  |b Egmont,  |c 2020 
300 |a 24 nečíslovaných stran :  |b barevné ilustrace ;  |c 23 cm 
336 |a text  |b txt  |2 rdacontent 
336 |a statický obraz  |b sti  |2 rdacontent 
337 |a bez média  |b n  |2 rdamedia 
338 |a svazek  |b nc  |2 rdacarrier 
500 |a Přeloženo z angličtiny 
520 2 |a Příběh králíčka Petra s fotografiemi z filmu. 
521 8 |a Pro děti od 5 let 
655 7 |a příběhy  |7 fd133204  |2 czenas  |9 357 
655 7 |a publikace pro děti  |7 fd133156  |2 czenas  |9 23 
655 9 |a stories  |2 eczenas 
655 9 |a children's literature  |2 eczenas 
787 0 8 |i Z cyklu:  |t Králíček Petr  |g 2 
910 |a UOG502 
942 |2 ddc  |c KN 
999 |d 106097 
993 |0 0  |1 421180106823  |2 ddc  |4 0  |6 M  |7 0  |9 99392  |a 80.00  |b 0  |c 106823  |d 2026-04-09  |e 0  |f M  |g M  |h 169.00  |i Koupě  |l M  |r 2026-04-09  |t 8  |w 2026-04-09  |y KN  |z BELET  |n